<?xml version="1.0" encoding="UTF-8"?>
<record
    xmlns:xsi="http://www.w3.org/2001/XMLSchema-instance"
    xsi:schemaLocation="http://www.loc.gov/MARC21/slim http://www.loc.gov/standards/marcxml/schema/MARC21slim.xsd"
    xmlns="http://www.loc.gov/MARC21/slim">

  <leader>00785nam a22002057a 4500</leader>
  <controlfield tag="003">OSt</controlfield>
  <controlfield tag="005">20161110121701.0</controlfield>
  <controlfield tag="008">161109b        xxu||||| |||| 00| 0 eng d</controlfield>
  <datafield tag="040" ind1=" " ind2=" ">
    <subfield code="a">NVIC</subfield>
    <subfield code="c">NVIC</subfield>
  </datafield>
  <datafield tag="100" ind1=" " ind2=" ">
    <subfield code="a">&#x639;&#x627;&#x635;&#x645; &#x627;&#x644;&#x62F;&#x633;&#x648;&#x642;&#x64A;</subfield>
  </datafield>
  <datafield tag="245" ind1="1" ind2=" ">
    <subfield code="a">&#x645;&#x635;&#x631; &#x641;&#x64A; &#x627;&#x644;&#x62D;&#x631;&#x628; &#x627;&#x644;&#x639;&#x627;&#x644;&#x645;&#x64A;&#x629; &#x627;&#x644;&#x62B;&#x627;&#x646;&#x64A;&#x629; 1939-1945</subfield>
  </datafield>
  <datafield tag="250" ind1=" " ind2=" ">
    <subfield code="a">&#x627;&#x644;&#x637;&#x628;&#x639;&#x629; &#x627;&#x644;&#x62B;&#x627;&#x646;&#x64A;&#x629;</subfield>
  </datafield>
  <datafield tag="260" ind1=" " ind2=" ">
    <subfield code="a">&#x627;&#x644;&#x642;&#x627;&#x647;&#x631;&#x629;:</subfield>
    <subfield code="b">&#x62F;&#x627;&#x631; &#x627;&#x644;&#x643;&#x62A;&#x627;&#x628; &#x627;&#x644;&#x62C;&#x627;&#x645;&#x639;&#x64A;&#x60C;</subfield>
    <subfield code="c">1982</subfield>
  </datafield>
  <datafield tag="300" ind1=" " ind2=" ">
    <subfield code="a">334 &#x635;&#x60C;</subfield>
    <subfield code="c">24 &#x633;&#x645; </subfield>
  </datafield>
  <datafield tag="650" ind1=" " ind2=" ">
    <subfield code="a">&#x627;&#x644;&#x633;&#x64A;&#x627;&#x633;&#x629;</subfield>
    <subfield code="v">&#x627;&#x644;&#x62D;&#x631;&#x628; &#x627;&#x644;&#x639;&#x627;&#x644;&#x645;&#x64A;&#x629; &#x627;&#x644;&#x62B;&#x627;&#x646;&#x64A;&#x629;</subfield>
    <subfield code="x">&#x62A;&#x64A;&#x627;&#x631;&#x627;&#x62A; &#x641;&#x643;&#x631;&#x64A;&#x629;</subfield>
    <subfield code="y">&#x627;&#x644;&#x642;&#x631;&#x646; &#x627;&#x644;&#x639;&#x634;&#x631;&#x648;&#x646;</subfield>
    <subfield code="z">&#x645;&#x635;&#x631;</subfield>
  </datafield>
  <datafield tag="650" ind1=" " ind2=" ">
    <subfield code="a">&#x627;&#x644;&#x62A;&#x627;&#x631;&#x64A;&#x62E;</subfield>
    <subfield code="v">&#x623;&#x648;&#x636;&#x627;&#x639; &#x633;&#x64A;&#x627;&#x633;&#x64A;&#x629;</subfield>
    <subfield code="x">&#x623;&#x648;&#x636;&#x627;&#x639; &#x625;&#x642;&#x62A;&#x635;&#x627;&#x62F;&#x64A;&#x629;</subfield>
    <subfield code="z">&#x645;&#x635;&#x631;</subfield>
  </datafield>
  <datafield tag="650" ind1=" " ind2=" ">
    <subfield code="a">&#x627;&#x644;&#x645;&#x648;&#x642;&#x641; &#x627;&#x644;&#x625;&#x646;&#x62C;&#x644;&#x64A;&#x632;&#x64A;</subfield>
  </datafield>
  <datafield tag="902" ind1=" " ind2=" ">
    <subfield code="a">E 664</subfield>
  </datafield>
  <datafield tag="942" ind1=" " ind2=" ">
    <subfield code="2">ddc</subfield>
    <subfield code="c">BK</subfield>
    <subfield code="k">E 664</subfield>
  </datafield>
  <datafield tag="999" ind1=" " ind2=" ">
    <subfield code="c">11610</subfield>
    <subfield code="d">11610</subfield>
  </datafield>
  <datafield tag="952" ind1=" " ind2=" ">
    <subfield code="0">0</subfield>
    <subfield code="1">0</subfield>
    <subfield code="2">ddc</subfield>
    <subfield code="4">0</subfield>
    <subfield code="7">0</subfield>
    <subfield code="a">NVIC</subfield>
    <subfield code="b">NVIC</subfield>
    <subfield code="c">ML001</subfield>
    <subfield code="d">2016-11-09</subfield>
    <subfield code="l">2</subfield>
    <subfield code="o">E 664</subfield>
    <subfield code="p">E 664</subfield>
    <subfield code="r">2016-11-16 00:00:00</subfield>
    <subfield code="s">2016-11-16</subfield>
    <subfield code="w">2015-08-29</subfield>
    <subfield code="y">BK</subfield>
  </datafield>
</record>
